000 00533nam a2200217Ia 4500
003 OSt
005 20220926035549.0
006 a|||||r|||| 00| 0
007 ta
008 220923b |||||||| |||| 00| 0 eng d
037 _cGeneral Book
040 _aRTL
_cRTL
_beng
041 _2eng
_aeng
082 _aX:8J, J5
100 _aLasser J K Ed.
_9342248
245 0 _aHandbook of auditing methods
260 _c1955
650 _aAudit
942 _hX:8J, J5
_cGB
_2CC
999 _c662538
_d662538